| 000 | 00896cam a22002654a 4500 | ||
|---|---|---|---|
| 001 | 14750975 | ||
| 005 | 20180220093818.0 | ||
| 008 | 070221s2007 caua b 001 0 eng | ||
| 010 | _a 2007007594 | ||
| 020 | _a9781597561112 (hardcover : alk. paper) | ||
| 020 | _a1597561118 (hardcover : alk. paper) | ||
| 035 | _a(DNLM)101299829 | ||
| 040 |
_aDNLM/DLC _cDLC _dDLC |
||
| 041 | _aeng | ||
| 042 | _apcc | ||
| 080 | _a616.83 BAY | ||
| 082 | 0 | 0 |
_a616.83 BAY _222 |
| 100 | 1 | _a3 | |
| 101 | _aSHM | ||
| 245 | 1 | 0 |
_aCognitive-communication disorders of dementia / _cKathryn A. Bayles and Cheryl K. Tomoeda. |
| 504 | _aIncludes bibliographical references and index. | ||
| 906 |
_a7 _bcbc _corignew _d1 _eecip _f20 _gy-gencatlg |
||
| 942 |
_2ddc _cBK |
||
| 999 |
_c42960 _d42960 |
||